Mercado laboral y pobreza en Centroamérica: ganadores y perdedores del ajuste estructural /

Analiza los mercados de trabajo en el contexto del ajuste, su objetivo es comprender los principales cambios suscitados en los mercados de trabajo y la relación que éstos tienen con la pobreza, enfatizando en el análisis de la dinámica del empleo, evolución del ingreso y configuración de los sectore...

সম্পূর্ণ বিবরণ

সংরক্ষণ করুন:
গ্রন্থ-পঞ্জীর বিবরন
প্রধান লেখক: Funkhouser, Edward
অন্যান্য লেখক: Pérez Sáinz, Juan Pablo
বিন্যাস: অজ্ঞাত
প্রকাশিত: San José: FLACSO. Programa Costa Rica
বিষয়গুলি:
ট্যাগগুলো: ট্যাগ যুক্ত করুন
কোনো ট্যাগ নেই, প্রথমজন হিসাবে ট্যাগ করুন!

MARC

LEADER 00000 a2200000 04500
001 11769
003
008 991231s d
040
090 |a 140806  
100 |a Funkhouser, Edward  
245 |a Mercado laboral y pobreza en Centroamérica: ganadores y perdedores del ajuste estructural /  |c Edward Funkhouser 
260 |a San José:   |b FLACSO. Programa Costa Rica  
300 |a 376 p  
520 |a Analiza los mercados de trabajo en el contexto del ajuste, su objetivo es comprender los principales cambios suscitados en los mercados de trabajo y la relación que éstos tienen con la pobreza, enfatizando en el análisis de la dinámica del empleo, evolución del ingreso y configuración de los sectores laborales. El estudio comprende dos fases del ajuste: la primera que denomina de inicio y va desde 1983 a 1989 y la segunda de profundización del ajuste que va de 1989 a 1992. La información en que se fundamenta el trabajo proviene de las Encuestas de Hogares y Propósitos Múltiples que cada año realiza la Dirección General de Estadística y Censos. REV/LCL  
650 |a AJUSTE ESTRUCTURAL  
650 |a INDICADORES ECONOMICOS  
650 |a INDICADORES SOCIALES  
650 |a MERCADO DE TRABAJO  
650 |a EMPLEO  
650 |a CLASIFICACION DE EMPLEOS  
650 |a INGRESOS DE HOGARES  
650 |a POBREZA  
650 |a INDICADORES ECONOMICOS  
650 |a INDICADORES SOCIALES  
650 |a CLASIFICACION DE EMPLEOS  
650 |a INGRESOS DE HOGARES  
650 |a POBREZA  
700 |a Pérez Sáinz, Juan Pablo  
999 |c 11801  |d 11801